[Event "TOP 16 - Final A"]
[Site "TOP16-Final-A"]
[Date "2021.01.16"]
[Round "2"]
[White "Adrien Demuth"]
[Black "Pastouche06"]
[Result "1-0"]
[WhiteElo "2382"]
[BlackElo "2189"]
[Annotator "NA RC"]
[PlyCount "69"]
[EventDate "2021.01.16"]
[EventType "blitz"]

1. Nf3 {[%emt 0:00:02]} d5 {[%emt 0:00:03]} 2. b3 {[%emt 0:00:04]} Nf6 {[%emt 0:00:05]} 3. Bb2 {[%emt 0:00:01]} e6 {[%emt 0:00:16]} 4. g3 {[%emt 0:00:02]} c5 {[%emt 0:00:03]} 5. Bg2 {[%emt 0:00:01]} Nc6 {[%emt 0:00:01]} 6. O-O {[%emt 0:00:01]} Be7 {[%emt 0:00:06]} 7. c4 {[%emt 0:00:03]} d4 {[%emt 0:00:04]} 8. e3 {[%emt 0:00:01]} e5 {[%emt 0:00:35]} 9. b4 {[%emt 0:00:21]} cxb4 {[%emt 0:00:12]} 10. exd4 {[%emt 0:00:01]} exd4 {[%emt 0:00:00]} 11. Re1 {[%emt 0:00:20]} O-O {[%emt 0:00:03]} 12. a3 {[%emt 0:00:01]} a5 {[%emt 0:00:35]} 13. axb4 {[%emt 0:00:06]} Bxb4 {[%emt 0:00:02]} 14. Na3 {[%emt 0:00:01]} Bf5 {[%emt 0:01:01]} 15. Nb5 {[%emt 0:00:29]} Bc5 {[%emt 0:00:12]} 16. Ne5 {[%emt 0:00:37]} Qb6 {[%emt 0:00:20]} 17. Qf3 {[%emt 0:00:23]} Bd7 {[%emt 0:01:37]} 18. Qxf6 {[%emt 0:00:27]} gxf6 {[%emt 0:00:03]} 19. Nxd7 {[%emt 0:00:01]} Qd8 {[%emt 0:00:01]} 20. Nxc5 {[%emt 0:00:03]} Ne5 {[%emt 0:00:48]} 21. Nxb7 {[%emt 0:00:58]} Qd7 {[%emt 0:01:19]} 22. Nc5 {[%emt 0:00:08]} Qg4 {[%emt 0:00:02]} 23. Bxd4 {[%emt 0:00:35]} Nf3+ {[%emt 0:00:12]} 24. Bxf3 {[%emt 0:00:01]} Qxf3 {[%emt 0:00:00]} 25. Nd7 {[%emt 0:00:12]} Rfd8 {[%emt 0:00:20]} 26. Nxf6+ {[%emt 0:00:01]} Kf8 {[%emt 0:00:01]} 27. Nxh7+ {[%emt 0:00:03]} Kg8 {[%emt 0:00:03]} 28. Nf6+ {[%emt 0:00:00]} Kf8 {[%emt 0:00:01]} 29. Bc3 {[%emt 0:00:08]} a4 {[%emt 0:00:08]} 30. Re5 {[%emt 0:00:51]} Ra6 {[%emt 0:00:16]} 31. Nd5 {[%emt 0:00:30]} Re6 {[%emt 0:00:04]} 32. Rxe6 {[%emt 0:00:10]} fxe6 {[%emt 0:00:00]} 33. Nd4 {[%emt 0:00:05]} Qe4 {[%emt 0:00:04]} 34. Nf4 {[%emt 0:00:11]} e5 {[%emt 0:00:02]} 35. d3 {[%emt 0:00:26] Temps} 1-0

[Event "TOP 16 - Final A"]
[Site "TOP16-Final-A"]
[Date "2021.01.16"]
[Round "2"]
[White "jncool68"]
[Black "Harut-1998"]
[Result "0-1"]
[WhiteElo "2322"]
[BlackElo "2223"]
[Annotator "NA RC"]
[PlyCount "80"]
[EventDate "2021.01.16"]
[EventType "blitz"]
[BlackTeam "Nice Alekhine "]

{- Haroutyun , Barseghyan (2471)} 1. e4 {[%emt 0:00:01]} e6 {[%emt 0:00:02]} 2. d4 {[%emt 0:00:01]} d5 {[%emt 0:00:00]} 3. Nd2 {[%emt 0:00:01]} h6 {[%emt 0:00:01]} 4. Ngf3 {[%emt 0:00:03]} Nf6 {[%emt 0:00:02]} 5. e5 {[%emt 0:00:01]} Nfd7 {[%emt 0:00:01]} 6. c4 {[%emt 0:00:01]} dxc4 {[%emt 0:00:05]} 7. Bxc4 {[%emt 0:00:04]} Nb6 {[%emt 0:00:01]} 8. Bb3 {[%emt 0:00:03]} Bd7 {[%emt 0:00:03]} 9. O-O {[%emt 0:00:05]} Bc6 {[%emt 0:00:05]} 10. Re1 {[%emt 0:00:06]} Be7 {[%emt 0:00:09]} 11. Ne4 {[%emt 0:00:01]} Bd5 {[%emt 0:00:05]} 12. Bc2 {[%emt 0:00:01]} Nc6 {[%emt 0:00:04]} 13. b3 {[%emt 0:00:05]} a5 {[%emt 0:00:11]} 14. Be3 {[%emt 0:00:05]} Nb4 {[%emt 0:00:41]} 15. Bb1 {[%emt 0:00:04]} a4 {[%emt 0:00:08]} 16. Nfd2 {[%emt 0:00:01]} axb3 {[%emt 0:00:10]} 17. Nxb3 {[%emt 0:00:02]} Nc4 {[%emt 0:00:15]} 18. Bc1 {[%emt 0:00:07]} b6 {[%emt 0:00:25]} 19. Qg4 {[%emt 0:00:06]} Kf8 {[%emt 0:00:47]} 20. Nbd2 {[%emt 0:00:05]} Na3 {[%emt 0:00:21]} 21. Re3 {[%emt 0:00:51]} Nxb1 {[%emt 0:00:23]} 22. Rxb1 {[%emt 0:00:01]} Nxa2 {[%emt 0:00:16]} 23. Rf3 {[%emt 0:00:03]} Nxc1 {[%emt 0:00:07]} 24. Rxc1 {[%emt 0:00:01]} Ra3 {[%emt 0:00:28]} 25. Rxa3 {[%emt 0:00:19]} Bxa3 {[%emt 0:00:00]} 26. Rc3 {[%emt 0:00:01]} Be7 {[%emt 0:00:21]} 27. Rg3 {[%emt 0:00:03]} g6 {[%emt 0:00:19]} 28. Qf4 {[%emt 0:00:18]} Kg7 {[%emt 0:00:09]} 29. Rf3 {[%emt 0:00:13]} Rf8 {[%emt 0:00:06]} 30. h4 {[%emt 0:00:06]} Qa8 {[%emt 0:00:18]} 31. Kh2 {[%emt 0:01:45]} Qa1 {[%emt 0:00:08]} 32. Qe3 {[%emt 0:00:07]} c5 {[%emt 0:00:16]} 33. dxc5 {[%emt 0:00:05]} Qxe5+ {[%emt 0:00:03]} 34. g3 {[%emt 0:00:20]} Bxc5 {[%emt 0:00:03]} 35. Qd3 {[%emt 0:00:03]} Bb4 {[%emt 0:00:26]} 36. Re3 {[%emt 0:00:02]} Bxd2 {[%emt 0:00:11] jncool68 reconnected.} 37. Nxd2 {[%emt 0:00:44]} Qa1 {[%emt 0:00:03]} 38. f3 {[%emt 0:00:02]} Ra8 {[%emt 0:00:07]} 39. Re2 {[%emt 0:00:03]} Ra3 {[%emt 0:00:05]} 40. Qb5 {[%emt 0:00:02]} Qd4 {[%emt 0:00:20] jncool68 abandonne (Lag: Av=0.22s, max=0.3s)} 0-1

[Event "TOP 16 - Final A"]
[Site "TOP16-Final-A"]
[Date "2021.01.16"]
[Round "2"]
[White "Bagheri amir"]
[Black "Tander"]
[Result "1-0"]
[WhiteElo "2152"]
[BlackElo "2018"]
[Annotator "TA"]
[PlyCount "95"]
[EventDate "2021.01.16"]
[EventType "blitz"]
[WhiteTeam "monaco"]

{[%evp 9,95,22,19,18,43,8,20,0,23,15,9,8,17,14,26,12,31,31,96,58,60,45,34,27,136,136,136,136,136,136,136,136,136,136,136,118,120,122,116,116,134,132,129,150,200,184,209,195,200,205,147,77,145,98,113,101,98,104,94,82,89,35,45,6,121,33,136,41,136,136,194,211,266,266,400,136,136,0,387,235,266,258,285,292,292,247,29979,137]} 1. c4 e5 2. Nc3 Nf6 3. Nf3 e4 4. Ng5 b5 5. Ngxe4 Nxe4 6. Nxe4 {A22: English Opening: 1...e5 2 Nc3 Nf6.} bxc4 7. b3 d5 {[#]} 8. Ng3 $146 {The position is equal.} ({Predecessor:} 8. Qc2 Nc6 9. Ng3 Nb4 10. Qb1 Qf6 11. Bb2 Qg6 12. Qxg6 hxg6 13. Kd1 cxb3 14. axb3 {0-1 (46) Serrano Pertinez,M (2074)-Rosich Valles,A (2375) Barcelona 2013}) 8... cxb3 (8... Qf6 $5 9. Rb1 $8 h5 $14) 9. axb3 Be7 10. Bb2 O-O 11. e3 a5 12. Bd3 c5 13. O-O Ba6 ({Better is} 13... g6 $14) 14. Bxa6 ({But not} 14. Qg4 $6 g6 $14) 14... Nxa6 15. Qg4 {[%csl Gb2][%cal Rg4g7]} d4 16. exd4 $40 {[%mdl 128] White is up to no good.} Bf6 {[#]} (16... g6 $1 $11 {keeps the balance.}) 17. Nh5 $1 $16 {[%cal Bg3h5,Bh5g7,Bg7f5][%mdl 32]} Bxd4 18. Nxg7 Kh8 19. Bxd4 Qxd4 20. Qxd4 cxd4 21. Nf5 Nc5 22. Nxd4 Rfd8 23. Nc6 Rxd2 24. Nxa5 Rb2 25. h4 Rb8 26. Rab1 Ra2 27. b4 Ne4 28. Nc6 Rb6 29. Rbc1 Kg7 30. h5 (30. Rc4 $142) 30... Raa6 {[#]} (30... Kh6 $142) 31. Rfe1 $1 Nd6 32. Ne5 Rxb4 33. Rc7 Rb7 34. Rxb7 Nxb7 {[%mdl 4096] Endgame KRN-KRN} 35. Nf3 (35. g4 $16) 35... Nd6 $14 36. Re5 h6 (36... Ra1+ $11 37. Kh2 Ra2) 37. g4 (37. Nd4 $16) 37... Ra3 (37... Ra4 $14) 38. Kg2 (38. Nd4 $16) 38... Nc4 (38... Ra4 $14) 39. Re4 Rc3 (39... Nd6 $16 40. Rd4 Ra6) 40. Nh4 $18 Nd6 41. Rd4 Nc4 (41... Ne8 $142 42. Rd8 Nf6 43. Nf5+ Kh7) 42. Rf4 $2 (42. Nf5+ $18 {has better winning chances.} Kh7 43. Re4) 42... Nd6 $16 43. Rd4 $2 {[%mdl 8192]} (43. Nf5+ $16 Nxf5 44. Rxf5) 43... Nc4 $1 $18 44. Rd5 Rc2 {Threatens to win with ...Ne3+.} 45. Kg3 Nd2 46. Nf5+ Kh7 47. f3 Rc3 $2 (47... Nf1+ $18 48. Kf4 Rc4+ 49. Ke5 Nh2) 48. Nh4 $2 {Weighted Error Value: White=0.30/Black=0.45} (48. Rxd2 {mates} Ra3 49. Rd6 Ra1 50. Nxh6 Re1 51. Nxf7 Rg1+ 52. Kh2 Re1 53. Ng5+ Kh8 54. h6) 1-0

[Event "TOP 16 - Final A"]
[Site "TOP16-Final-A"]
[Date "2021.01.16"]
[Round "2"]
[White "sFeller"]
[Black "Amiralfio"]
[Result "1-0"]
[WhiteElo "2150"]
[BlackElo "1858"]
[Annotator "TA"]
[PlyCount "49"]
[EventDate "2021.01.16"]
[EventType "blitz"]

{[%evp 19,49,0,12,0,4,0,39,47,42,39,162,150,435,426,662,672,877,852,904,505,505,487,698,677,768,749,2703,669,1767,1579,1337,1164]} 1. e4 c5 2. Nc3 Nc6 3. Nge2 Nf6 4. d4 cxd4 5. Nxd4 e6 6. Nxc6 bxc6 7. e5 Nd5 8. Ne4 Qc7 9. f4 Qb6 10. Bd3 Ba6 11. a3 {B45: Sicilian Four Knights.} f5 12. exf6 Nxf6 13. Nxf6+ {[%mdl 64] [#] Discovered Attack. White is slightly better.} gxf6 14. Qh5+ Kd8 ({Better is} 14... Ke7 $1 $14) 15. Bd2 $18 {[#] Hoping for Ba5.} f5 $146 (15... Bxd3 $16 16. Ba5 Bxc2 17. Bxb6+ axb6) ({Predecessor:} 15... c5 16. Bxa6 Qxa6 17. Bc3 Be7 18. O-O-O d5 19. Rhe1 d4 20. Qf7 Rf8 21. Rxe6 Rxf7 22. Rxa6 {1-0 (47) Szieberth,A (2330)-Rogozenco,D (2440) Budapest 1995}) 16. Bxa6 {White is clearly winning.} Qxa6 (16... Bc5 $142 17. Bc3 Re8) 17. Bc3 Rg8 18. Qf7 Rxg2 19. Qxf8+ Kc7 {[%csl Gg2][%cal Ra6e2] [#]} 20. Be5+ Kb7 (20... Kb6 $142 21. Qb4+ Qb5 22. Qd4+ {[%mdl 64] Double Attack} Ka6) 21. Qb4+ Kc8 {[%csl Gg2][%cal Ra6e2]} 22. O-O-O {Qf8+ would kill now.} Qe2 23. Qf8+ Kb7 {[%csl Gg2][%cal Re2c2]} 24. Rxd7+ Ka6 25. Qc5 {Black got outplayed after the opening.  Weighted Error Value: White=0.90/Black=1.38} 1-0

[Event "TOP 16 - Final A"]
[Site "TOP16-Final-A"]
[Date "2021.01.16"]
[Round "2"]
[White "Pierre35"]
[Black "SebyFischer57"]
[Result "1/2-1/2"]
[WhiteElo "2030"]
[BlackElo "2019"]
[Annotator "NA RC"]
[PlyCount "40"]
[EventDate "2021.01.16"]
[EventType "blitz"]

1. e4 {[%emt 0:00:07]} g6 {[%emt 0:00:06]} 2. d4 {[%emt 0:00:03]} Bg7 {[%emt 0:00:01]} 3. Nf3 {[%emt 0:00:03]} d6 {[%emt 0:00:05]} 4. Bc4 {[%emt 0:00:05]} Nf6 {[%emt 0:00:03]} 5. Qe2 {[%emt 0:00:03]} Nc6 {[%emt 0:00:01]} 6. e5 {[%emt 0:00:37]} dxe5 {[%emt 0:00:05]} 7. dxe5 {[%emt 0:00:02]} Ng4 {[%emt 0:00:01]} 8. e6 {[%emt 0:00:19]} Bxe6 {[%emt 0:00:01]} 9. Bxe6 {[%emt 0:00:02]} fxe6 {[%emt 0:00:00]} 10. O-O {[%emt 0:00:44]} Qd5 {[%emt 0:01:31]} 11. Nc3 {[%emt 0:01:06]} Bxc3 {[%emt 0:00:17]} 12. bxc3 {[%emt 0:00:02]} Nge5 {[%emt 0:00:38]} 13. Nxe5 {[%emt 0:00:45]} Qxe5 {[%emt 0:00:27]} 14. Be3 {[%emt 0:00:40]} O-O {[%emt 0:00:25]} 15. Rab1 {[%emt 0:00:27]} b6 {[%emt 0:00:25]} 16. Qc4 {[%emt 0:01:03]} Qd5 {[%emt 0:01:10]} 17. Qg4 {[%emt 0:00:02]} Qf5 {[%emt 0:01:35]} 18. Qc4 {[%emt 0:00:15]} Qd5 {[%emt 0:00:02]} 19. Qg4 {[%emt 0:00:09]} Qf5 {[%emt 0:00:01]} 20. Qc4 {[%emt 0:00:02]} Qd5 {[%emt 0:00:01] Threefold Rep Threefold Rep} 1/2-1/2

[Event "TOP 16 - Final A"]
[Site "TOP16-Final-A"]
[Date "2021.01.16"]
[Round "3"]
[White "Yvesandre2"]
[Black "Pierre35"]
[Result "0-1"]
[WhiteElo "2306"]
[BlackElo "2029"]
[Annotator "NA RC"]
[PlyCount "106"]
[EventDate "2021.01.16"]
[EventType "blitz"]

1. e4 {[%emt 0:00:02]} e5 {[%emt 0:00:05]} 2. Nf3 {[%emt 0:00:02]} Nc6 {[%emt 0:00:01]} 3. Bb5 {[%emt 0:00:01]} a6 {[%emt 0:00:02]} 4. Ba4 {[%emt 0:00:01]} Nf6 {[%emt 0:00:03]} 5. O-O {[%emt 0:00:01]} Be7 {[%emt 0:00:01]} 6. Re1 {[%emt 0:00:01]} d6 {[%emt 0:00:01]} 7. c3 {[%emt 0:00:18]} Bg4 {[%emt 0:00:02]} 8. d3 {[%emt 0:00:07]} Nd7 {[%emt 0:00:02]} 9. Nbd2 {[%emt 0:00:05]} Nc5 {[%emt 0:00:05]} 10. Bc2 {[%emt 0:00:01]} Ne6 {[%emt 0:00:04]} 11. h3 {[%emt 0:00:35]} Bh5 {[%emt 0:00:03]} 12. Nf1 {[%emt 0:00:01]} Ng5 {[%emt 0:00:02]} 13. Bxg5 {[%emt 0:00:12]} Bxg5 {[%emt 0:00:01]} 14. Ng3 {[%emt 0:00:01]} Bxf3 {[%emt 0:00:01]} 15. Qxf3 {[%emt 0:00:01]} O-O {[%emt 0:00:02]} 16. Rad1 {[%emt 0:00:04]} g6 {[%emt 0:00:10]} 17. b4 {[%emt 0:00:38]} Qf6 {[%emt 0:00:26]} 18. Qxf6 {[%emt 0:00:21]} Bxf6 {[%emt 0:00:00]} 19. Bb3 {[%emt 0:00:01]} a5 {[%emt 0:01:30]} 20. b5 {[%emt 0:00:55]} Nb8 {[%emt 0:00:48]} 21. d4 {[%emt 0:00:59]} Nd7 {[%emt 0:00:12]} 22. Nf1 {[%emt 0:00:25]} a4 {[%emt 0:00:35]} 23. Bd5 {[%emt 0:00:03]} Ra7 {[%emt 0:00:14]} 24. Ne3 {[%emt 0:00:08]} Nb6 {[%emt 0:00:08]} 25. Ng4 {[%emt 0:00:31]} Kg7 {[%emt 0:00:30]} 26. dxe5 {[%emt 0:00:13]} Bxe5 {[%emt 0:00:11]} 27. Nxe5 {[%emt 0:00:14]} dxe5 {[%emt 0:00:00]} 28. c4 {[%emt 0:00:01]} Rd8 {[%emt 0:01:47]} 29. c5 {[%emt 0:00:47]} Nxd5 {[%emt 0:00:01]} 30. Rxd5 {[%emt 0:00:37]} Rxd5 {[%emt 0:00:07]} 31. exd5 {[%emt 0:00:00]} Ra5 {[%emt 0:00:00]} 32. Rb1 {[%emt 0:00:01]} Kf6 {[%emt 0:00:21]} 33. f3 {[%emt 0:00:21]} Ke7 {[%emt 0:00:33]} 34. Kf2 {[%emt 0:00:04]} b6 {[%emt 0:00:01]} 35. d6+ {[%emt 0:00:15]} cxd6 {[%emt 0:00:04]} 36. cxb6 {[%emt 0:00:35]} Kd7 {[%emt 0:00:02]} 37. Ke3 {[%emt 0:00:01]} d5 {[%emt 0:00:10]} 38. Kd3 {[%emt 0:00:01]} Kc8 {[%emt 0:00:06]} 39. Rc1+ {[%emt 0:00:01]} Kb7 {[%emt 0:00:02]} 40. Rc7+ {[%emt 0:00:01]} Kxb6 {[%emt 0:00:01]} 41. Rxf7 {[%emt 0:00:00]} Rxb5 {[%emt 0:00:02]} 42. Rxh7 {[%emt 0:00:13]} Rb2 {[%emt 0:00:01]} 43. g4 {[%emt 0:00:01]} Rxa2 {[%emt 0:00:04]} 44. Re7 {[%emt 0:00:07]} Rf2 {[%emt 0:00:06]} 45. Rxe5 {[%emt 0:00:02]} a3 {[%emt 0:00:06]} 46. Kd4 {[%emt 0:00:04]} a2 {[%emt 0:00:12]} 47. Re1 {[%emt 0:00:01]} Rxf3 {[%emt 0:00:09]} 48. Kxd5 {[%emt 0:00:04]} Rxh3 {[%emt 0:00:02]} 49. Ra1 {[%emt 0:00:03]} Rh2 {[%emt 0:00:02]} 50. Ke5 {[%emt 0:00:01]} Rf2 {[%emt 0:00:01]} 51. g5 {[%emt 0:00:05]} Kc5 {[%emt 0:00:02]} 52. Ke6 {[%emt 0:00:06]} Kb4 {[%emt 0:00:02]} 53. Ke5 {[%emt 0:00:06]} Kc3 {[%emt 0:00:01] Yvesandre2 abandonne (Lag: Av=0.61s, max=1.2s)} 0-1

[Event "TOP 16 - Final A"]
[Site "TOP16-Final-A"]
[Date "2021.01.16"]
[Round "3"]
[White "Harut-1998"]
[Black "Christian Bauer"]
[Result "1/2-1/2"]
[WhiteElo "2266"]
[BlackElo "2446"]
[Annotator "NA RC"]
[PlyCount "102"]
[EventDate "2021.01.16"]
[EventType "blitz"]
[WhiteTeam "Nice Alekhine "]

{Haroutyun , Barseghyan (2471)} 1. d4 {[%emt 0:00:09]} Nf6 {[%emt 0:00:00]} 2. Nf3 {[%emt 0:00:02]} d6 {[%emt 0:00:02]} 3. g3 {[%emt 0:00:25]} c6 {[%emt 0:00:06]} 4. Bg2 {[%emt 0:00:03]} Nbd7 {[%emt 0:00:02]} 5. O-O {[%emt 0:00:02]} e5 {[%emt 0:00:01]} 6. c4 {[%emt 0:00:02]} e4 {[%emt 0:00:01]} 7. Nh4 {[%emt 0:00:02]} d5 {[%emt 0:00:01]} 8. cxd5 {[%emt 0:00:17]} cxd5 {[%emt 0:00:00]} 9. f3 {[%emt 0:00:12]} exf3 {[%emt 0:00:02]} 10. Bxf3 {[%emt 0:00:16]} Nb6 {[%emt 0:00:05]} 11. Nc3 {[%emt 0:00:06]} Be7 {[%emt 0:00:07]} 12. Bg2 {[%emt 0:00:10]} g6 {[%emt 0:00:39]} 13. a4 {[%emt 0:00:14]} a5 {[%emt 0:00:12]} 14. Nf3 {[%emt 0:00:20]} O-O {[%emt 0:00:02]} 15. Bh6 {[%emt 0:00:25]} Re8 {[%emt 0:00:01]} 16. Ne5 {[%emt 0:00:11] Harut-1998 offers a draw} Be6 {[%emt 0:00:07]} 17. Qd3 {[%emt 0:00:22]} Rc8 {[%emt 0:00:14]} 18. Rac1 {[%emt 0:00:05]} Nfd7 {[%emt 0:01:22]} 19. Nf3 {[%emt 0:00:34]} Nc4 {[%emt 0:00:21]} 20. b3 {[%emt 0:00:07]} Nd6 {[%emt 0:00:04]} 21. Bf4 {[%emt 0:00:14]} Bf5 {[%emt 0:00:18]} 22. Qd1 {[%emt 0:00:10]} Nf6 {[%emt 0:00:06]} 23. Ne5 {[%emt 0:00:29]} Be6 {[%emt 0:00:08]} 24. Bg5 {[%emt 0:00:17]} Nfe4 {[%emt 0:00:47]} 25. Bxe7 {[%emt 0:00:05]} Qxe7 {[%emt 0:00:03]} 26. Nxe4 {[%emt 0:00:07]} dxe4 {[%emt 0:00:50]} 27. Rxc8 {[%emt 0:00:04]} Rxc8 {[%emt 0:00:10]} 28. d5 {[%emt 0:00:24]} Bd7 {[%emt 0:00:42]} 29. Qd4 {[%emt 0:00:05]} f5 {[%emt 0:00:35]} 30. g4 {[%emt 0:00:25]} fxg4 {[%emt 0:00:05]} 31. Nxd7 {[%emt 0:00:13]} Qxd7 {[%emt 0:00:02]} 32. Bxe4 {[%emt 0:00:01]} g3 {[%emt 0:00:19]} 33. Bg2 {[%emt 0:00:39]} gxh2+ {[%emt 0:00:03]} 34. Kxh2 {[%emt 0:00:00]} Re8 {[%emt 0:00:34]} 35. e4 {[%emt 0:00:30]} Qe7 {[%emt 0:00:05]} 36. Qf6 {[%emt 0:00:22]} Qxf6 {[%emt 0:00:10]} 37. Rxf6 {[%emt 0:00:00]} Nxe4 {[%emt 0:00:02]} 38. Rb6 {[%emt 0:00:02]} Nc5 {[%emt 0:00:23] Harut-1998 offers a draw} 39. Rb5 {[%emt 0:00:18]} Nd3 {[%emt 0:00:03]} 40. Rxb7 {[%emt 0:00:05]} Nf4 {[%emt 0:00:02]} 41. Kg3 {[%emt 0:00:06]} Nxg2 {[%emt 0:00:02]} 42. Kxg2 {[%emt 0:00:00]} Rd8 {[%emt 0:00:05]} 43. Rb5 {[%emt 0:00:04]} Kf7 {[%emt 0:00:00]} 44. Rxa5 {[%emt 0:00:03]} Kf6 {[%emt 0:00:01]} 45. b4 {[%emt 0:00:08]} Ke5 {[%emt 0:00:02]} 46. Kg3 {[%emt 0:00:06]} Rxd5 {[%emt 0:00:04]} 47. Rxd5+ {[%emt 0:00:02]} Kxd5 {[%emt 0:00:01]} 48. a5 {[%emt 0:00:01]} Kc6 {[%emt 0:00:01]} 49. a6 {[%emt 0:00:02]} Kb6 {[%emt 0:00:01]} 50. b5 {[%emt 0:00:01]} h5 {[%emt 0:00:02]} 51. Kh4 {[%emt 0:00:01]} Ka7 {[%emt 0:00:02] Christian Bauer propose la nulle} 1/2-1/2

[Event "TOP 16 - Final A"]
[Site "TOP16-Final-A"]
[Date "2021.01.16"]
[Round "3"]
[White "Pastouche06"]
[Black "sFeller"]
[Result "1-0"]
[WhiteElo "2180"]
[BlackElo "2162"]
[Annotator "NA RC"]
[PlyCount "22"]
[EventDate "2021.01.16"]
[EventType "blitz"]

1. d4 {[%emt 0:00:03]} Nf6 {[%emt 0:00:06]} 2. c4 {[%emt 0:00:02]} g6 {[%emt 0:00:06] sFeller reconnected.} 3. Nc3 {[%emt 0:00:17]} Bg7 {[%emt 0:00:02]} 4. e4 {[%emt 0:00:02]} O-O {[%emt 0:00:02]} 5. Bg5 {[%emt 0:00:11]} d6 {[%emt 0:00:04]} 6. Qd2 {[%emt 0:00:04]} c5 {[%emt 0:00:50]} 7. d5 {[%emt 0:00:07]} a6 {[%emt 0:00:43]} 8. a4 {[%emt 0:00:15]} e6 {[%emt 0:00:21]} 9. Nge2 {[%emt 0:01:23] sFeller reconnected.} exd5 {[%emt 0:00:32]} 10. cxd5 {[%emt 0:00:03]} Nbd7 {[%emt 0:00:10]} 11. Ng3 {[%emt 0:00:07]} Qa5 {[%emt 0:00:46] sFeller offers a draw (Lag: Av=1.41s, max=5.7s)} 1-0

[Event "TOP 16 - Final A"]
[Site "TOP16-Final-A"]
[Date "2021.01.16"]
[Round "3"]
[White "Burrito2001"]
[Black "Tigran1984"]
[Result "1/2-1/2"]
[WhiteElo "2079"]
[BlackElo "2823"]
[Annotator "NA RC"]
[PlyCount "40"]
[EventDate "2021.01.16"]
[EventType "blitz"]

1. d4 {[%emt 0:00:02]} Nf6 {[%emt 0:00:02]} 2. c4 {[%emt 0:00:01]} e6 {[%emt 0:00:01]} 3. Nc3 {[%emt 0:00:01]} Bb4 {[%emt 0:00:01]} 4. Bd2 {[%emt 0:00:01]} O-O {[%emt 0:00:06]} 5. Nf3 {[%emt 0:00:01]} b6 {[%emt 0:00:07]} 6. e3 {[%emt 0:00:02]} Bb7 {[%emt 0:00:01]} 7. Bd3 {[%emt 0:00:01]} d5 {[%emt 0:00:11]} 8. cxd5 {[%emt 0:00:01]} Nxd5 {[%emt 0:00:12]} 9. Rc1 {[%emt 0:00:24]} Nd7 {[%emt 0:00:12]} 10. Nxd5 {[%emt 0:01:08]} Bxd2+ {[%emt 0:00:04]} 11. Qxd2 {[%emt 0:00:00]} Bxd5 {[%emt 0:00:01]} 12. Qc2 {[%emt 0:00:04]} h6 {[%emt 0:00:27]} 13. e4 {[%emt 0:00:25]} Bb7 {[%emt 0:00:05]} 14. Qxc7 {[%emt 0:00:04]} Rc8 {[%emt 0:00:08]} 15. Qxd8 {[%emt 0:00:01]} Rfxd8 {[%emt 0:00:17]} 16. Ke2 {[%emt 0:00:12]} Nf6 {[%emt 0:00:06]} 17. Ke3 {[%emt 0:00:07]} Ng4+ {[%emt 0:00:07]} 18. Ke2 {[%emt 0:00:04]} Nf6 {[%emt 0:00:04]} 19. Ke3 {[%emt 0:00:42]} Ng4+ {[%emt 0:00:01]} 20. Ke2 {[%emt 0:00:01]} Nf6 {[%emt 0:00:01] (Lag: Av=0.99s, max=1.3s)} 1/2-1/2

[Event "TOP 16 - Final A"]
[Site "TOP16-Final-A"]
[Date "2021.01.16"]
[Round "3"]
[White "SebyFischer57"]
[Black "Adrien Demuth"]
[Result "1/2-1/2"]
[WhiteElo "2021"]
[BlackElo "2391"]
[Annotator "NA RC"]
[PlyCount "42"]
[EventDate "2021.01.16"]
[EventType "blitz"]

1. c4 {[%emt 0:00:05]} e5 {[%emt 0:00:04]} 2. g3 {[%emt 0:00:04]} Nf6 {[%emt 0:00:01]} 3. Bg2 {[%emt 0:00:01]} c6 {[%emt 0:00:01]} 4. Nf3 {[%emt 0:00:02]} e4 {[%emt 0:00:01]} 5. Nd4 {[%emt 0:00:01]} d5 {[%emt 0:00:01]} 6. d3 {[%emt 0:00:04]} Qb6 {[%emt 0:00:37]} 7. Nb3 {[%emt 0:00:08]} Bb4+ {[%emt 0:00:13]} 8. Bd2 {[%emt 0:00:10]} O-O {[%emt 0:00:09]} 9. O-O {[%emt 0:00:40]} Bf5 {[%emt 0:00:08]} 10. Bxb4 {[%emt 0:00:44]} Qxb4 {[%emt 0:00:00]} 11. cxd5 {[%emt 0:00:01]} cxd5 {[%emt 0:00:20]} 12. dxe4 {[%emt 0:00:03]} Bxe4 {[%emt 0:00:05]} 13. Nc3 {[%emt 0:00:16]} Bxg2 {[%emt 0:00:04]} 14. Kxg2 {[%emt 0:00:00]} Nc6 {[%emt 0:00:03]} 15. e3 {[%emt 0:00:07]} Rad8 {[%emt 0:00:06]} 16. Qc2 {[%emt 0:00:35]} d4 {[%emt 0:00:55]} 17. Nxd4 {[%emt 0:00:09]} Nxd4 {[%emt 0:00:00]} 18. exd4 {[%emt 0:00:01]} Rxd4 {[%emt 0:00:01]} 19. Rad1 {[%emt 0:00:10]} Rfd8 {[%emt 0:00:01]} 20. Rxd4 {[%emt 0:00:08]} Rxd4 {[%emt 0:00:00]} 21. Rd1 {[%emt 0:00:09]} g6 {[%emt 0:00:24] Adrien Demuth propose la nulle} 1/2-1/2